Estudio de las demoras en el transporte público del area metropolitana de San José.
Αποθηκεύτηκε σε:
| Κύριος συγγραφέας: | |
|---|---|
| Μορφή: | Βιβλίο |
| Έκδοση: |
San José, Costa Rica
1987
|
| Θέματα: | |
| Ετικέτες: |
Προσθήκη ετικέτας
Δεν υπάρχουν, Καταχωρήστε ετικέτα πρώτοι!
|
MARC
| LEADER | 00000nam a2200000Ia 4500 | ||
|---|---|---|---|
| 003 | 004504 | ||
| 005 | 20221231144346.0 | ||
| 008 | 140114s1987 cr a m 000 ||sp d | ||
| 040 | |c cru CEDI | ||
| 090 | |a TFG 2030 | ||
| 100 | |a Lobo Zamora, Adolfo |9 13733 | ||
| 245 | |a Estudio de las demoras en el transporte público del area metropolitana de San José. | ||
| 260 | |c 1987 |a San José, Costa Rica | ||
| 300 | |a [152] hojas : ilustraciones (algunas plegables) ; 28 cm | ||
| 500 | |a Proyecto de graduacion (licenciatura en ingeniería civil)--Universidad de Costa Rica. Facultad de Ingeniería. Escuela de Ingeniería Civil | ||
| 650 | |x TRANSPORTE URBANO - SAN JOSE (COSTA RICA) |9 13734 | ||
| 942 | |c TFG | ||
| 999 | |c 20698 |d 20698 | ||
